Quizzes
Events
Quiz Creation
Community
Videos
Private Events
Remove Ads
Sign In
Join for FREE
Feedback
Dark Mode
Quiz Categories
Sports
Geography
Music
Movies
Television
Just For Fun
Miscellaneous
History
Literature
Language
Science
Gaming
Entertainment
Religion
Holiday
For Kids
Quiz Lab
Recent
Popular Today
Quiz Kudos Today
Editor Picks
Curator Picks
Quizzes by...
Day
Popularity
Type
Ratings
Length
Year
Community
Subscriptions
Recent Discussions
Orange Saloon
Badges
Playlists
Quests
Create
Leaderboards
Showdown
Live 5
Trivia Bingo
Activity
Puzzle Library
Sporcle Events
Private Events
Virtual Trivia
Globe League
Become a Host
Pub Owners
SporcleCon
Opinionation
Our Games
Videos
Blog
Mobile Apps
Partnerships
Remove Ads and Go Orange
Feedback
Movies
Disney
Marvel Cinematic Universe
Movie Resume
Movie Titles
Oscar
Actor
Actress
Director
Pixar
Role
Movie Quotes
Movie Characters
Box Office
Nominee
Best Picture
Star Wars
James Bond
Horror Movies
Movies
Disney
Marvel Cinematic Universe
Movie Resume
Movie Titles
Oscar
Actor
Actress
Director
Pixar
Role
Movie Quotes
Movie Characters
Box Office
Nominee
Best Picture
Star Wars
James Bond
Horror Movies
Random Quiz
Search Sporcle
×
Curator Pick
Curator Pick
Movies
Marvel
Click on answers out of a set of options
Click on answers out of a set of options
Multiple Choice
Best Score? Go Orange.
Who Do They Play In The MCU? Stats
When given an actor, can you name the character they play/voice?
By
midnight_dreary
10m
24 Questions
901 Plays
901 Plays
901 Plays
Comments
Comments
Give Quiz Kudos
Give Quiz Kudos
-
- Ratings
hide this ad
Replay
Link that replays current quiz
Next Quiz
Link to next quiz in quiz playlist
You Got
0%
They Got
Avg Score
87%
Avg Friend Score
Upgrade to see
Score Distribution
Jump to the score distribution portion of the page
Score
0/24
Timer
10:00
0
Plays Today
Question
Answer
Wrong Answers
Let's start off with an easy one.....Who does Robert Downey Jr play?
Iron Man
99.1%
Captain America
0.7%
Thor
0.1%
Hawkeye
0%
....Chris Pratt?
Star-Lord
98.4%
Drax
0.6%
Groot
0.3%
Yondu
0.4%
...Chris Evans?
Captain America
97.7%
Bucky Barnes
0.2%
Stephen Strange
0.1%
Ultron
0.1%
...Mark Ruffalo?
The Hulk
97.1%
Korath
0.2%
The Collector
0.6%
Ant-Man
0.2%
...Tom Holland?
Spider-man
97.1%
Happy Hogan
0.8%
Black Panther
0.4%
Falcon
1.1%
...Chris Hemsworth
Thor
96.1%
Loki
0.2%
Phil Coulson
0%
Erik Selvig
0.1%
...Tom Hiddleston?
Loki
95.9%
Fandral
0%
Crossbones
0%
Groot
0.2%
...Jeremy Renner?
Hawkeye
95%
Red Skull
0.7%
War Machine
0.3%
Obadiah Stane
0.4%
...Tilda Swinton?
The Ancient One
91.1%
Kaecilius
3.3%
Pepper Potts
1.2%
Maria Hill
3%
...Idris Elba?
Heimdall
91%
Yondu
2.8%
Taserface
1%
Mordo
2.9%
...Scarlett Johansson?
Black Widow
89.8%
Frigga
0.2%
Christine Palmer
0%
Scarlet Witch
7.8%
...Michael Keaton?
Vulture
88.2%
Laufey
2.3%
Malekith
3.8%
Aldrich Killian
3.4%
...Michael Douglas?
Hank Pym
88%
Howard Stark
5.2%
Jarvis
2.2%
Red Skull
1.9%
...Jeff Goldblum?
The Grandmaster
87%
Mantis
2.8%
Stakar Ogord
3.3%
Kaecilius
2.6%
....Kat Dennings?
Darcy Lewis
86.3%
Jane Foster
4.1%
Hela
4.9%
Captain Marvel
2.6%
...Evangeline Lilly?
Hope van Dyne
86.1%
Peggy Carter
7.3%
Black Widow
1%
Maya Hansen
4.1%
...Sam Rockwell?
Justin Hammer
85.2%
War Machine
6.3%
Vision
2.6%
Quicksilver
4.3%
...Cobie Smulders?
Maria Hill
84.6%
Sharon Carter
5.9%
Peggy Carter
3.6%
Scarlet Witch
1.7%
...James Spader?
Ultron
84.2%
War Machine
3.3%
Jarvis
6.3%
Falcon
1.6%
...Kurt Russell?
Ego
83.9%
Alexander Pierce
6.7%
Vision
2.9%
Crossbones
3%
...Robert Redford?
Alexander Pierce
76%
Nick Fury
1.1%
Howard Stark
11.8%
Everett Ross
6.8%
...Liv Tyler?
Betty Ross
74.9%
Sif
12.5%
Christine Everhart
6.9%
Jane Foster
2.8%
...Chiwetel Ejiofor?
Mordo
61.1%
Kraglin
9.5%
Ulysses Klaue
11.5%
Black Panther
14.6%
...Tony Revolori?
Flash Thompson
61%
Aaron Davis
14.9%
The Winter Soldier
4.4%
Zemo
15.4%
Quiz Playlist
Details
Report
Send in Message
Add To Playlist
Multiple Choice:
Click on answers out of a set of options
Last Updated: Jul 18, 2017
Curator Pick in
Movie Characters
Quiz Scoreboard
CHALLENGE
Sign Up to Join the Scoreboard
Show All
Scores
Hide
Comments
May contain spoilers
Recently Published
College Basketball Coaching Resumes
by pancakes188
Sports
9m
Billboard Blitz: Fleetwood Mac
by CooCooCachoo
Music
15s
Presidents Visiting Landmarks
by Hejman
History
7m
More to Explore
Quiz From the Vault
Featured Blog Post
Where Did the Easter Bunny Come From?
hide this ad
You Might Also Like...
Tags
Actor Quiz
Marvel Quiz
Marvel Cinematic Universe Quiz
Movie Characters Quiz
Character
Marvel Movie
Multiple Choice
Today's Top Quizzes in Movies
Browse Movies
hide this ad
Today's Top Quizzes in Marvel
Browse Marvel
Top Contributed Quizzes in Movies
1
Pick 5 Posters: Directed by Spielberg
2
7-to-1: Pixar Characters
3
Pick 5 Posters: Lowest-Rated Spielberg
4
Pick 5 Posters: Directed by Scorsese
5
Sorting Actors
6
Sorting Actresses
7
Pick 5 Posters: Star & Director
8
Pick 5 Posters: Women Directed 2020s
9
12 Movies about Fictional 1960s Events
10
Multi-Oscar Nominations, One Movie, One Winner
Explore More
Trending Topics
Crossword
Kpop
Harry Potter
Marvel
NBA
Anime
Disney
The Office
Puzzle
WWE
Country
Soccer
Song
Pokémon
NFL
hide this ad
More By:
midnight_dreary
Quiz
Plays
Rating
Category
Featured
Created
Katy Perry or Taylor Swift?
52,895
4.37
Music
Nov 12, 2014
War Movies by Poster
34,058
4.63
Movies
Oct 22, 2019
100 TV Shows From The 2010s
32,829
4.29
Television
Jan 15, 2019
'Girl' and 'Boy' Movies
30,854
4.56
Movies
Apr 1, 2017
30 School Movies
30,445
4.35
Movies
Feb 4, 2017
Go to Creator's Profile
Score Distribution
Quiz Creator Spotlight
midnight_dreary
Follow
Send a Message
Quizzes Created
-
Created Quiz Play Count
-
More By This Creator
Popular Quizzes Today
1
Find the US States - No Outlines Minefield
2
Find the Countries of Europe - No Outlines Minefield
3
The Countries of the World
4
Find the US States
5
Risky Map Clicking: Biggest States A-Z
6
US States
7
Popular People in 1961
8
Movies - When Are They Set?
More Movies Quizzes
Superhero Sequels by Opening Shots
Quiz Lab
Trending Quizzes
Risky Map Clicking: Least Populous States A-Z
1-10 Letter G Words
1-10 Letter F Words
Risky Map Clicking: Next State Alphabetically
Click the Washington State Counties! (Map)
Recently Updated
Leaping Animals
pecheneg
Reality TV Shows (A-Z)
bhenderson79
Rickey Henderson's Hall of Fame Teammates
pecheneg
Champions League XIs: Arsenal
pecheneg
Quick Pick: Celebrities in WWE's Hall of Fame
aduchscher
A-Z Keypad Blitz II
pecheneg
Multiple Oscar Actors
pecheneg
Mystery Phrase Blitz: Oscar 'Best Actors'
pecheneg
F. Scott Fitzgerald Novels
LTH
Pick 3 Villains
ddd62291
Trending Topics
Kpop
NBA
Disney
Crossword
Harry Potter
Anime
Marvel
WWE
Country
Song
NFL
Soccer
Puzzle
Pokémon
The Office
Your Account Isn't Verified!
In order to create a playlist on Sporcle, you need to verify the email address you used during registration. Go to your
Sporcle Settings
to finish the process.
Report this User
Report this user for behavior that violates our
Community Guidelines
.
Details:
Send Report
Go to the Sporcle.com Mobile Site →
Comments